Gulf oil in the aftermath of the Iraq War : (Record no. 4940)
[ view plain ]
| 000 -LEADER | |
|---|---|
| fixed length control field | 00726nac a22001691u 4500 |
| 020 ## - INTERNATIONAL STANDARD BOOK NUMBER | |
| International Standard Book Number | 9948007522 |
| 082 ## - DEWEY DECIMAL CLASSIFICATION NUMBER | |
| Classification number | 338.27282 |
| 090 ## - LOCALLY ASSIGNED LC-TYPE CALL NUMBER (OCLC); LOCAL CALL NUMBER (OCLC) | |
| -- | 4940 |
| -- | 4940 |
| 100 ## - MAIN ENTRY--PERSONAL NAME | |
| Personal name | 20080729 |
| 110 ## - MAIN ENTRY--CORPORATE NAME | |
| Corporate name or jurisdiction name as entry element | The Emirates Center for Strategic Studies and Research |
| 245 ## - TITLE STATEMENT | |
| Title | Gulf oil in the aftermath of the Iraq War : |
| Remainder of title | strategies and policies / |
| Statement of responsibility, etc | The Emirates Center for Strategic Studies and Research |
| 260 ## - PUBLICATION, DISTRIBUTION, ETC. (IMPRINT) | |
| Place of publication, distribution, etc | Abu Dhabi : |
| Name of publisher, distributor, etc | the Center , 2005 |
| Date of publication, distribution, etc | 2005 |
| 300 ## - PHYSICAL DESCRIPTION | |
| Extent | 303p.: |
| Other physical details | ill.; |
| Dimensions | 23 cm. |
| 650 ## - SUBJECT ADDED ENTRY--TOPICAL TERM | |
| Topical term or geographic name as entry element | Petroleum |
| General subdivision | Industry and trade |
| 942 ## - ADDED ENTRY ELEMENTS (KOHA) | |
| Item type | NB - Book (Non borrowing) |
| Call number prefix | 338.27282 |
| Withdrawn status | Item status | Damaged status | Not for loan | Home library | Current library | Shelving location | Date acquired | Source of acquisition | Total Checkouts | Full call number | Barcode | Date last seen | Date last borrowed | Koha item type |
|---|---|---|---|---|---|---|---|---|---|---|---|---|---|---|
| Central Library | Central Library | First floor | 02/10/2007 | Purchase | 1 | 338.27282 GUL | 000005925 | 15/07/2025 | 29/10/2008 | NB - Book (Non borrowing) |